[Event "51st Groningen Open A 2013"]
[Site "Groningen NED"]
[Date "2013.12.21"]
[Round "1.37"]
[White "Majhi, Ankit"]
[Black "Estremera Panos, Sergio"]
[Result "0-1"]
[BlackTitle "IM"]
[WhiteElo "2058"]
[BlackElo "2365"]
[WhiteFideId "1033735"]
[BlackFideId "2200864"]
[EventDate "2013.12.21"]

1. e4 e5 2. Nf3 Nc6 3. Bb5 a6 4. Ba4 Nf6 5. O-O Nxe4 6. d4 b5 7. Bb3 d5 8. dxe5
Be6 9. c3 Be7 10. Qe2 O-O 11. Nbd2 Bf5 12. Nd4 Nxd4 13. cxd4 c5 14. Nxe4 dxe4
15. dxc5 Bxc5 16. Rd1 Qb6 17. Bf4 Rae8 18. a4 Bd4 19. a5 Qa7 20. Rac1 Bxe5 21.
Be3 Qb8 22. Bc5 Bxh2+ 23. Kh1 Bf4 24. Bxf8 Bxc1 25. Bxg7 Kxg7 26. Rxc1 Qf4 27.
Rc6 e3 28. f3 Rc8 29. Rxc8 Bxc8 30. g3 Qd4 31. Kg2 Bf5 32. f4 Kf8 33. g4 Bd3 34.
Qd1 Qxb2+ 35. Kh3 e2 36. Qxd3 e1=Q 37. Qd8+ Qe8 38. Qd6+ Qe7 39. Qh6+ Qg7 0-1

[Event "51st Groningen Open A 2013"]
[Site "Groningen NED"]
[Date "2013.12.21"]
[Round "1.39"]
[White "Veltman, Anne"]
[Black "De Jong, Migchiel"]
[Result "1/2-1/2"]
[BlackTitle "IM"]
[WhiteElo "2052"]
[BlackElo "2347"]
[WhiteFideId "1026917"]
[BlackFideId "1002848"]
[EventDate "2013.12.21"]

1. e4 c5 2. f4 d5 3. e5 Nc6 4. c3 Bf5 5. g4 Be4 6. Nf3 h5 7. g5 e6 8. d3 Bf5 9.
Nh4 Nge7 10. Be3 d4 11. Bf2 dxc3 12. bxc3 Qd5 13. Bg2 Qxd3 14. Qxd3 Bxd3 15.
Bxc5 O-O-O 16. Kf2 Nf5 17. Bxf8 Nxh4 18. Bxg7 Rhg8 19. Bxc6 Rxg7 20. Bf3 Nxf3
21. Kxf3 Bb5 22. Re1 Rd3+ 23. Kf2 Bc6 24. Re3 Rd1 25. Re1 Rd3 26. Re3 Rd1 27.
Re1 Rd5 28. Na3 Rc5 29. Re3 Rg8 30. Rd1 Rd8 31. Red3 Rxd3 32. Rxd3 Be4 33. Re3
Bf5 34. c4 a6 35. Rb3 Ra5 36. Ke3 Kc7 37. Kd4 Kc6 38. Rc3 Ra4 39. Nc2 b5 40. a3
a5 41. Ne3 Bg6 42. Rb3 b4 43. axb4 axb4 44. f5 exf5 45. Nd5 f4 46. e6 Ra1 47.
Nxf4 Re1 48. Re3 Rxe3 49. Kxe3 b3 50. exf7 Bxf7 51. Kd2 Bxc4 52. Kc3 Kd6 53.
Nxh5 Ke5 54. Nf6 Bf7 55. h4 Kf5 56. Nd7 Kg4 57. Ne5+ Kxh4 58. Nxf7 Kh5 59. Kxb3
Kg6 60. Ne5+ Kxg5 1/2-1/2

[Event "51st Groningen Open A 2013"]
[Site "Groningen NED"]
[Date "2013.12.21"]
[Round "1.42"]
[White "Pel, Bonno"]
[Black "Gerlagh, Joris"]
[Result "1-0"]
[WhiteTitle "FM"]
[WhiteElo "2313"]
[BlackElo "2032"]
[WhiteFideId "1004760"]
[BlackFideId "1038834"]
[EventDate "2013.12.21"]

1. g3 Nf6 2. Bg2 g6 3. f4 d5 4. Nf3 Bg7 5. O-O O-O 6. d3 c5 7. Qe1 Nc6 8. e4
dxe4 9. dxe4 e5 10. Na3 exf4 11. gxf4 Qe7 12. e5 Ng4 13. c3 f6 14. h3 Nh6 15.
exf6 Qxf6 16. Be3 b6 17. Ne5 Bb7 18. Nd7 Qe7 19. Nxf8 Rxf8 20. Bd2 Qd7 21. Rd1
Re8 22. Qf2 Nd4 23. Rfe1 Bxg2 24. Qxg2 Rxe1+ 25. Bxe1 Nhf5 26. Nc2 Qa4 27. cxd4
Nxd4 28. Qd5+ Kf8 29. Nxd4 1-0

[Event "51st Groningen Open A 2013"]
[Site "Groningen NED"]
[Date "2013.12.21"]
[Round "1.45"]
[White "Dirksen, Marieke"]
[Black "Afek, Yochanan"]
[Result "1/2-1/2"]
[BlackTitle "IM"]
[WhiteElo "2012"]
[BlackElo "2302"]
[WhiteFideId "1032160"]
[BlackFideId "2800462"]
[EventDate "2013.12.21"]

1. e4 c5 2. Nf3 d6 3. d4 cxd4 4. Nxd4 Nf6 5. Nc3 g6 6. Be3 Bg7 7. f3 O-O 8. Qd2
Nc6 9. O-O-O d5 10. exd5 Nxd5 11. Nxc6 bxc6 12. Bd4 e5 13. Bc5 Be6 14. Ne4 Re8
15. Ba3 Rb8 16. c4 Nb6 17. Qe1 Qc8 18. Nd6 Qa6 19. c5 Nc4 20. Bxc4 Bxc4 21. Nxe8
Rxe8 22. Qb4 e4 23. fxe4 Bxa2 24. Rhe1 Be5 25. Rd6 Be6 26. g3 Bxd6 27. cxd6 c5
28. Qd2 Rd8 29. e5 Bf5 30. Qd5 Qa4 31. Re2 c4 32. Qd4 Qb3 33. g4 Bd3 34. Rf2 Qa2
35. d7 Qb1+ 36. Kd2 Qc2+ 37. Ke3 Qc1+ 38. Kf3 Qh1+ 39. Ke3 Qc6 40. Rf6 1/2-1/2

[Event "51st Groningen Open A 2013"]
[Site "Groningen NED"]
[Date "2013.12.21"]
[Round "1.46"]
[White "Wacker, Peter"]
[Black "Hummel, Paul"]
[Result "1-0"]
[WhiteTitle "FM"]
[WhiteElo "2293"]
[BlackElo "2011"]
[WhiteFideId "4615751"]
[BlackFideId "1021168"]
[EventDate "2013.12.21"]

1. e4 c5 2. c3 d5 3. exd5 Qxd5 4. d4 Nf6 5. Nf3 Bg4 6. Be2 e6 7. O-O Be7 8. Be3
cxd4 9. cxd4 O-O 10. Nc3 Qa5 11. h3 Bh5 12. Qb3 Nbd7 13. Rfe1 Rac8 14. a3 Qb6
15. Qa2 Qd6 16. Rac1 Nb6 17. Nb5 Qb8 18. Bg5 Nbd5 19. Qb3 a6 20. Nc3 h6 21. Bd2
Nf4 22. Bxf4 Qxf4 23. Qxb7 Rc7 24. Qxa6 Ne4 25. Qa5 g5 26. Qe5 Bd6 27. Qxe4 Bxf3
28. Bxf3 Qh2+ 29. Kf1 Rb8 30. Rc2 Kg7 31. g3 Re7 32. Bg2 f5 33. Qc6 Rd8 34. Nb5
Bxg3 35. Rxe6 Bd6 36. Rxd6 1-0

[Event "51st Groningen Open A 2013"]
[Site "Groningen NED"]
[Date "2013.12.21"]
[Round "1.47"]
[White "Hummel, Joop"]
[Black "Beukema, Stefan"]
[Result "0-1"]
[BlackTitle "FM"]
[WhiteElo "2006"]
[BlackElo "2280"]
[WhiteFideId "1012126"]
[BlackFideId "1024523"]
[EventDate "2013.12.21"]

1. Nf3 f5 2. e4 fxe4 3. Ng5 e5 4. Nxe4 Nc6 5. Bb5 Nf6 6. Nbc3 Nd4 7. O-O c6 8.
Nxf6+ Qxf6 9. Ne4 Qg6 10. Bd3 d5 11. Ng3 e4 12. Re1 Be7 13. Nxe4 dxe4 14. Rxe4
Qf6 15. c3 Nf5 16. Qb3 Nd6 17. Re3 Bg4 18. Bc4 Rf8 19. f3 O-O-O 20. d4 Nxc4 21.
Qxc4 Bd6 22. Re1 Bxh2+ 0-1

[Event "51st Groningen Open A 2013"]
[Site "Groningen NED"]
[Date "2013.12.21"]
[Round "1.48"]
[White "Molinaroli, Martin"]
[Black "Mollema, Thomas"]
[Result "1-0"]
[WhiteElo "2269"]
[BlackElo "1977"]
[WhiteFideId "4606604"]
[BlackFideId "1034987"]
[EventDate "2013.12.21"]

1. b3 f5 2. Bb2 Nf6 3. Nf3 g6 4. Bxf6 exf6 5. c4 Nc6 6. Nc3 b6 7. g3 Bb7 8. Bg2
Ne5 9. O-O Bb4 10. Nxe5 Bxg2 11. Nxg6 hxg6 12. Kxg2 Bxc3 13. dxc3 Qe7 14. Qd3
O-O-O 15. Rae1 Rdg8 16. Qf3 Kb8 17. e4 Rh5 18. exf5 Qh7 19. fxg6 Rxh2+ 20. Kg1
Qh6 21. g7 c6 22. Re7 Rh3 23. Rxd7 Rxg7 24. Rxg7 Qxg7 25. Qxc6 f5 26. Rd1 1-0

[Event "51st Groningen Open A 2013"]
[Site "Groningen NED"]
[Date "2013.12.22"]
[Round "2.2"]
[White "Willemze, Thomas"]
[Black "Romanov, Evgeny"]
[Result "1/2-1/2"]
[WhiteTitle "IM"]
[BlackTitle "GM"]
[WhiteElo "2421"]
[BlackElo "2654"]
[WhiteFideId "1007238"]
[BlackFideId "4148843"]
[EventDate "2013.12.21"]

1. e4 c5 2. Nf3 e6 3. c3 d5 4. exd5 Qxd5 5. d4 Nf6 6. Na3 Qd8 7. Nc4 Be7 8. Bd3
cxd4 9. Nxd4 O-O 10. O-O Nbd7 11. Qf3 Nc5 12. Bc2 Qd5 13. Qe2 b6 14. Ne3 Qb7 15.
Re1 Re8 16. Ng4 Qd5 17. Ne3 Qd7 18. Ng4 Ba6 19. Qf3 Nxg4 20. Qxg4 Bd3 21. Bxd3
Nxd3 22. Bh6 Bf6 23. Re2 Rad8 24. Bg5 Bxd4 25. Bxd8 Bxf2+ 26. Kf1 f5 27. Qc4 b5
28. Qc7 Qd5 29. Rd1 Bb6 30. Qg3 Rxd8 31. Red2 Qxa2 32. Rxd3 Rxd3 33. Qxd3 Qxb2
34. Rd2 Qc1+ 35. Ke2 Qg1 36. Qxb5 Qxg2+ 37. Kd1 Qg6 38. c4 h6 39. Qe5 Qg4+ 40.
Qe2 Qg1+ 41. Kc2 Qg6 42. Qe5 f4+ 43. Kb3 Be3 44. Rd1 Qe8 45. Rd6 Kf7 46. Kc3 Qc8
47. Kd3 Ke7 48. Kc3 Kf7 49. h4 g6 50. h5 gxh5 51. Qxh5+ Ke7 52. Qe5 Kf7 53. Qh5+
Ke7 54. Qe5 Kf7 1/2-1/2

[Event "51st Groningen Open A 2013"]
[Site "Groningen NED"]
[Date "2013.12.22"]
[Round "2.3"]
[White "L'Ami, Erwin"]
[Black "Simonian, Tigran"]
[Result "1-0"]
[WhiteTitle "GM"]
[BlackTitle "IM"]
[WhiteElo "2645"]
[BlackElo "2401"]
[WhiteFideId "1007998"]
[BlackFideId "13303597"]
[EventDate "2013.12.21"]

1. d4 Nf6 2. c4 e6 3. Nf3 d5 4. Nc3 c5 5. cxd5 Nxd5 6. e4 Nxc3 7. bxc3 cxd4 8.
cxd4 Bb4+ 9. Bd2 Bxd2+ 10. Qxd2 O-O 11. Bc4 Nd7 12. O-O b6 13. Qe3 Bb7 14. e5
Qe7 15. Ng5 h6 16. Ne4 Bxe4 17. Qxe4 Rfd8 18. Bb3 Qb4 19. Qe3 Nf8 20. Rad1 Rac8
21. f4 a5 22. Rd3 a4 23. a3 Qb5 24. Bd1 Ng6 25. Qd2 Ne7 26. Bf3 Rc7 27. Be4 Qa5
28. Qxa5 bxa5 29. Rb1 g6 30. Kf2 Nd5 31. Bxd5 Rxd5 32. Rb2 h5 33. h3 Kf8 34. g4
hxg4 35. hxg4 Ke7 36. Ke3 Rc1 37. Rb7+ Rd7 38. Rxd7+ Kxd7 39. d5 exd5 40. Rxd5+
Ke6 41. Rd6+ Ke7 42. f5 gxf5 43. gxf5 Rc3+ 44. Rd3 Rc4 45. Kf3 Rh4 46. Rd5 Rh3+
47. Kf4 Rxa3 48. Rxa5 Ra1 49. Ra7+ Kf8 50. Kg5 Rh1 51. Rxa4 Kg7 52. f6+ Kg8 53.
Ra8+ Kh7 54. e6 Rg1+ 55. Kh4 1-0

[Event "51st Groningen Open A 2013"]
[Site "Groningen NED"]
[Date "2013.12.22"]
[Round "2.4"]
[White "Arslanov, Shamil"]
[Black "Andriasian, Zaven"]
[Result "0-1"]
[WhiteTitle "IM"]
[BlackTitle "GM"]
[WhiteElo "2403"]
[BlackElo "2610"]
[WhiteFideId "4192826"]
[BlackFideId "13302000"]
[EventDate "2013.12.21"]

1. d4 Nf6 2. c4 c5 3. d5 e6 4. Nc3 exd5 5. cxd5 d6 6. g3 g6 7. Bg2 Bg7 8. Nf3
O-O 9. O-O a6 10. a4 Re8 11. Nd2 Nbd7 12. h3 Nh5 13. Nce4 Ndf6 14. Nc3 Nd7 15.
Nce4 Ne5 16. f4 f5 17. fxe5 fxe4 18. e6 Bxe6 19. dxe6 d5 20. Qb3 c4 21. Nxc4
dxc4 22. Qxc4 Qb6+ 23. Kh2 Qxe6 24. Qxe6+ Rxe6 25. a5 Rc8 26. Ra4 Be5 27. Bf4
Bxf4 28. gxf4 Rc2 29. f5 Re5 30. Rxe4 Rxe4 31. Bxe4 Rxe2+ 32. Bg2 g5 33. Kg1
Rxb2 34. Rc1 Nf4 35. Rc8+ Kg7 36. Rc7+ Kf6 37. Bxb7 Nxh3+ 38. Kf1 g4 39. Bxa6 g3
40. Bb7 Nf4 41. Ke1 g2 42. Bxg2 Nxg2+ 43. Kd1 h5 44. Kc1 Rb5 45. a6 Ra5 46. a7
Nf4 47. Kb2 Nd3+ 48. Kc3 Ne5 49. Rh7 Kg5 50. Kd2 Ra3 51. Ke2 Ng4 52. Kd2 Nf6 53.
Rb7 h4 54. Kc2 Ra6 0-1

[Event "51st Groningen Open A 2013"]
[Site "Groningen NED"]
[Date "2013.12.22"]
[Round "2.5"]
[White "Spoelman, Wouter"]
[Black "Chytilek, Roman"]
[Result "1-0"]
[WhiteTitle "GM"]
[BlackTitle "IM"]
[WhiteElo "2585"]
[BlackElo "2374"]
[WhiteFideId "1010891"]
[BlackFideId "304980"]
[EventDate "2013.12.21"]

1. e4 e6 2. d4 d5 3. Nc3 Nc6 4. Be3 dxe4 5. Nxe4 Nge7 6. Nf3 Nf5 7. Qd2 Nxe3 8.
Qxe3 Nb4 9. Qd2 Be7 10. c3 Nd5 11. O-O-O O-O 12. Bd3 b6 13. h4 c5 14. Kb1 cxd4
15. Nxd4 Qc7 16. Ng5 Nf6 17. Rde1 Bd7 18. Re3 e5 19. Ndf3 Bd6 20. Bc2 Rad8 21.
Qe2 Bg4 22. Nxh7 Nxh7 23. Bxh7+ Kh8 24. Bc2 f5 25. Qb5 a6 26. Qb3 Rde8 27. Ree1
Bc5 28. Qd5 e4 29. Nd4 Rd8 30. Qb3 Bxd4 31. cxd4 Rxd4 32. f3 exf3 33. gxf3 Bh5
34. Qe3 Rdd8 35. Qg5 Qf7 36. Re7 Qg6 37. f4 Rd6 38. a3 Bf3 39. Rhe1 Bg4 40. Rb7
Rg8 41. Ree7 Bf3 42. Ra7 a5 43. Bb3 Be4+ 44. Ka2 Bd5 45. Bxd5 Qxg5 46. fxg5 Rxd5
47. Rf7 Kh7 48. Rf6 Rgd8 49. Rh6+ Kg8 50. Rxb6 R8d7 51. g6 Kf8 52. Rxd7 Rxd7 53.
Rb5 1-0

[Event "51st Groningen Open A 2013"]
[Site "Groningen NED"]
[Date "2013.12.22"]
[Round "2.6"]
[White "Hendriks, Willy"]
[Black "Michalik, Peter"]
[Result "0-1"]
[WhiteTitle "IM"]
[BlackTitle "GM"]
[WhiteElo "2396"]
[BlackElo "2577"]
[WhiteFideId "1000713"]
[BlackFideId "14907526"]
[EventDate "2013.12.21"]

1. e4 c6 2. d4 d5 3. exd5 cxd5 4. c4 Nf6 5. Nc3 Nc6 6. Bg5 dxc4 7. d5 Ne5 8.
Bxc4 Nxc4 9. Qa4+ Bd7 10. Qxc4 h6 11. Bxf6 exf6 12. Nge2 Rc8 13. Qe4+ Qe7 14.
Qf3 Qe5 15. O-O Bd6 16. Ng3 O-O 17. Rfe1 Qf4 18. Qxf4 Bxf4 19. Rad1 Be5 20. Re3
Rfd8 21. Nge2 b5 22. a3 a5 23. Nd4 b4 24. axb4 axb4 25. Nce2 Be8 26. Nf5 Kf8 27.
b3 Bb5 28. g3 g6 29. Nxh6 Rc2 30. Nf4 Bxf4 31. gxf4 f5 32. d6 Kg7 33. Nxf7 Kxf7
34. Re7+ Kf6 35. Rb7 Be2 0-1

[Event "51st Groningen Open A 2013"]
[Site "Groningen NED"]
[Date "2013.12.22"]
[Round "2.7"]
[White "Novikov, Stanislav"]
[Black "Hoeksema, Hendrik Pieter"]
[Result "1-0"]
[WhiteTitle "GM"]
[BlackTitle "IM"]
[WhiteElo "2556"]
[BlackElo "2369"]
[WhiteFideId "4125371"]
[BlackFideId "1000454"]
[EventDate "2013.12.21"]

1. g3 c5 2. Bg2 Nc6 3. c4 g6 4. Nc3 Bg7 5. e3 e6 6. Nge2 Nge7 7. O-O O-O 8. d4
cxd4 9. Nxd4 Nxd4 10. exd4 d5 11. cxd5 Nxd5 12. Qb3 Ne7 13. Bg5 h6 14. Bxe7 Qxe7
15. Rad1 Rd8 16. d5 Rb8 17. d6 Qe8 18. Nb5 Bd7 19. Nc7 Qf8 20. Qe3 b6 21. Rd2
Bf6 22. Rfd1 Qg7 23. Qe2 b5 24. Qe3 Bxb2 25. Qxa7 Bc3 26. Rd3 b4 27. Na6 Rbc8
28. Bb7 Rc4 29. Qb6 Qf8 30. Nc5 1-0

[Event "51st Groningen Open A 2013"]
[Site "Groningen NED"]
[Date "2013.12.22"]
[Round "2.8"]
[White "Peng, Zhaoqin"]
[Black "Zakhartsov, Viacheslav V."]
[Result "1-0"]
[WhiteTitle "GM"]
[BlackTitle "GM"]
[WhiteElo "2369"]
[BlackElo "2555"]
[WhiteFideId "1004786"]
[BlackFideId "4115333"]
[EventDate "2013.12.21"]

1. d4 Nf6 2. c4 e6 3. Nc3 Bb4 4. e3 O-O 5. Ne2 d5 6. a3 Be7 7. cxd5 Nxd5 8. g3
Nd7 9. Bg2 N5b6 10. O-O c6 11. Qc2 e5 12. Rd1 Qc7 13. Bd2 Re8 14. Rac1 exd4 15.
Nxd4 Ne5 16. h3 Nec4 17. Be1 a5 18. Ne4 Bd7 19. Qe2 Ne5 20. Nb5 Qb8 21. Nbd6 Rd8
22. Qh5 f6 23. f4 Ng6 24. Bxa5 Qa7 25. Bc3 Nd5 26. Bd4 Qb8 27. Nf5 Bf8 28. Nc5
Be8 29. Qg4 Bf7 30. h4 b6 31. Ne4 c5 32. Bxf6 h5 33. Qg5 gxf6 34. Nxf6+ Nxf6 35.
Qxf6 Qc7 36. Bxa8 Rxa8 37. Nd6 Bxd6 38. Rxd6 Re8 39. Rcd1 Nf8 40. Qg5+ Kh8 41.
Qf6+ Kg8 42. Qg5+ Kh8 43. Rd8 Qc6 44. Kf2 Qe4 45. Rxe8 Bxe8 46. Qd5 Qc2+ 47. Qd2
Qf5 48. Qd3 Qh3 49. Qe4 Bg6 50. Qe5+ Kg8 51. e4 Qh2+ 52. Kf3 Bf7 53. f5 Bc4 54.
Re1 Nd7 55. Qe8+ Nf8 56. Qe5 Nd7 57. Qd6 Nf8 58. Qxb6 Qc2 59. Qd6 Bd3 60. Qd5+
Kg7 61. Qe5+ Kf7 62. Qc3 Nd7 63. Qxc2 Bxc2 64. Kf4 1-0

[Event "51st Groningen Open A 2013"]
[Site "Groningen NED"]
[Date "2013.12.22"]
[Round "2.10"]
[White "Estremera Panos, Sergio"]
[Black "Pruijssers, Roeland"]
[Result "0-1"]
[WhiteTitle "IM"]
[BlackTitle "GM"]
[WhiteElo "2365"]
[BlackElo "2539"]
[WhiteFideId "2200864"]
[BlackFideId "1013068"]
[EventDate "2013.12.21"]

1. d4 f5 2. c4 Nf6 3. Nc3 g6 4. h4 Bg7 5. h5 e6 6. hxg6 hxg6 7. Rxh8+ Bxh8 8.
Bg5 Qe7 9. e4 Qf7 10. exf5 gxf5 11. Nf3 d6 12. Bd3 Nc6 13. Qe2 Nh7 14. Be3 Bd7
15. d5 Nb4 16. O-O-O O-O-O 17. Bb1 Re8 18. Qd2 exd5 19. Nb5 d4 20. Bxd4 Qxc4+
21. Nc3 Nf6 22. Rh1 Ne4 23. Bxe4 fxe4 24. Rxh8 Rxh8 25. Bxh8 exf3 26. gxf3 Nxa2+
27. Kd1 Qf1+ 28. Qe1 Qd3+ 29. Qd2 Qxf3+ 30. Kc2 Qf5+ 0-1

[Event "51st Groningen Open A 2013"]
[Site "Groningen NED"]
[Date "2013.12.22"]
[Round "2.11"]
[White "Greenfeld, Alon"]
[Black "Zakhartsov, Vladimir"]
[Result "0-1"]
[WhiteTitle "GM"]
[WhiteElo "2531"]
[BlackElo "2358"]
[WhiteFideId "2800039"]
[BlackFideId "4145097"]
[EventDate "2013.12.21"]

1. d4 Nf6 2. c4 g6 3. g3 c5 4. d5 b5 5. cxb5 a6 6. bxa6 Bxa6 7. Nc3 d6 8. Bg2
Bg7 9. Nf3 O-O 10. O-O Nbd7 11. Qc2 Qa5 12. Bd2 Rfb8 13. b3 Ne8 14. Rab1 Qa3 15.
Rfd1 Nc7 16. Bc1 Qa5 17. Bb2 Bb7 18. Nd2 Nb6 19. e4 Ba6 20. b4 Qxb4 21. a3 Qd4
22. Nf3 Qf6 23. Na4 e5 24. dxe6 Qxe6 25. Bxg7 Nxa4 26. Ba1 Qc4 27. Qd2 Rxb1 28.
Rxb1 Qd3 29. Qe1 Ne6 30. Rd1 Qxa3 31. Bf6 c4 32. Qd2 c3 33. Qh6 c2 34. Rf1 Qxf3
35. Bxf3 Bxf1 36. Qd2 Rc8 37. Qc1 Bd3 38. Bd1 cxd1=Q+ 39. Qxd1 Bxe4 40. f3 Bc6
41. Qxd6 Bxf3 42. Qa6 Ra8 43. Qf1 Bc6 44. Ba1 Nac5 45. Qf6 Rxa1+ 46. Qxa1 h5 47.
Qc3 Be4 48. Qe5 Bf5 49. Qb8+ Kh7 50. Qa7 Kg8 51. Qa8+ Nf8 52. Qb8 Be6 53. Qa8
Nd7 54. Qa1 Nh7 55. Qa8+ Kg7 56. Qa1+ Nhf6 57. Qd4 Kh7 58. Kg2 Ng4 59. Kg1 Nde5
60. Qc3 Bd5 61. h3 Nf3+ 62. Kf1 Nge5 63. Kf2 Be6 64. Kg2 Kg7 65. Qa1 f6 66. Qa7+
Bf7 67. Kf2 h4 68. Kg2 g5 69. Qc7 hxg3 70. Kxg3 Nh4 71. Kf2 Nd3+ 72. Kg3 Nf4 73.
Qc5 Kg6 74. Qc2+ Nf5+ 75. Kh2 Be6 76. Qe4 Kh6 77. Qa8 Ng7 78. h4 g4 79. Qa1 Ngh5 0-1

[Event "51st Groningen Open A 2013"]
[Site "Groningen NED"]
[Date "2013.12.22"]
[Round "2.12"]
[White "Minko, Vladimir"]
[Black "Stukopin, Andrey"]
[Result "0-1"]
[WhiteTitle "FM"]
[BlackTitle "IM"]
[WhiteElo "2327"]
[BlackElo "2509"]
[WhiteFideId "24146706"]
[BlackFideId "24107131"]
[EventDate "2013.12.21"]

1. d4 c5 2. d5 d6 3. e4 g6 4. Nc3 Bg7 5. Bb5+ Bd7 6. a4 Nf6 7. Nf3 O-O 8. Be2
Na6 9. O-O Nc7 10. Bf4 a6 11. e5 Nh5 12. Bg5 f6 13. exf6 exf6 14. Bc1 f5 15. Nd2
b5 16. Bxh5 gxh5 17. Nf3 f4 18. Ne4 Rf5 19. Qe2 Qf8 20. axb5 axb5 21. Rxa8 Nxa8
22. c4 bxc4 23. Qxc4 Nc7 24. Rd1 Bb5 25. Qc2 Bd7 26. b4 Rxd5 27. Rxd5 Nxd5 28.
bxc5 dxc5 29. Nxc5 Bg4 30. Ng5 Qf5 31. Qxf5 Bxf5 32. Nge4 Bd4 33. Kf1 h4 34. f3
h3 35. Nd3 Bd7 36. Nxf4 Nxf4 37. gxh3 Bxh3+ 38. Ke1 Nd3+ 39. Kd2 Nxc1 40. Kxc1
Bg2 41. Nd2 Be3 0-1

[Event "51st Groningen Open A 2013"]
[Site "Groningen NED"]
[Date "2013.12.22"]
[Round "2.13"]
[White "Pel, Bonno"]
[Black "Burg, Twan"]
[Result "1/2-1/2"]
[WhiteTitle "FM"]
[BlackTitle "IM"]
[WhiteElo "2313"]
[BlackElo "2490"]
[WhiteFideId "1004760"]
[BlackFideId "1010697"]
[EventDate "2013.12.21"]

1. Nc3 d5 2. e4 c6 3. Qe2 dxe4 4. Nxe4 Nf6 5. Nxf6+ gxf6 6. g3 h5 7. Nf3 Bf5 8.
d3 c5 9. Bg2 Nc6 10. O-O Qd7 11. Be3 e5 12. Nh4 Bg4 13. f3 Be6 14. f4 O-O-O 15.
Qf2 exf4 16. Bxf4 Ne5 17. Rae1 Bd6 18. b4 Ng4 19. Qd2 cxb4 20. Bxd6 Qxd6 21. Rf4
a5 22. h3 Ne5 23. Qf2 Kb8 24. Rxf6 Nd7 25. Rf4 Rc8 26. Nf5 Qb6 27. Ne3 Rc3 28.
Bd5 Qc7 29. Bc4 Rg8 30. Kh2 Ne5 31. Bxe6 fxe6 32. Rf8+ Rxf8 33. Qxf8+ Ka7 34.
Qf4 h4 35. Re2 hxg3+ 36. Kxg3 Qg7+ 37. Kh2 Nc6 38. Rg2 Qe7 39. Nc4 Qc5 40. h4
Ka6 41. Qg5 Qf8 42. Qe3 Qd8 43. Kh3 e5 44. Rg8 Qd7+ 45. Kg3 Qc7 46. Rc8 Qg7+ 47.
Qg5 Qd7 48. Ra8+ Kb5 49. a4+ bxa3 50. Rxa5+ Kb4 51. Ra4+ Kxa4 52. Nb6+ Kb4 53.
Nxd7 a2 54. Qc1 Rxc2 55. Qxc2 a1=Q 56. Qc4+ Ka3 57. Nc5 Qe1+ 58. Kh3 Nd4 59. Qd5
Qe3+ 60. Kg4 Qf4+ 61. Kh5 b6 62. Nd7 Nf3 63. Nxb6 Qxh4+ 64. Kg6 Qg4+ 65. Kf6
Qf4+ 66. Ke7 Qb4+ 67. Qd6 Qxd6+ 68. Kxd6 Kb3 69. Nc4 1/2-1/2

[Event "51st Groningen Open A 2013"]
[Site "Groningen NED"]
[Date "2013.12.22"]
[Round "2.14"]
[White "Azaladze, Shota"]
[Black "Wacker, Peter"]
[Result "1-0"]
[WhiteTitle "IM"]
[BlackTitle "FM"]
[WhiteElo "2482"]
[BlackElo "2293"]
[WhiteFideId "13603027"]
[BlackFideId "4615751"]
[EventDate "2013.12.21"]

1. g3 f5 2. d4 Nf6 3. Bg2 g6 4. Nh3 Bg7 5. Nf4 c6 6. c3 d6 7. Qb3 Qb6 8. Ne6
Bxe6 9. Qxe6 Na6 10. Nd2 Nc7 11. Qe3 d5 12. O-O a5 13. a4 O-O 14. Qd3 e5 15.
dxe5 Ng4 16. Qd4 c5 17. Bxd5+ Kh8 18. Nc4 Qa7 19. Qd1 Rad8 20. e4 Nxe5 21. Nxe5
Bxe5 22. Bg5 Rd7 23. Qe2 f4 24. Qg4 Rg7 25. gxf4 1-0

[Event "51st Groningen Open A 2013"]
[Site "Groningen NED"]
[Date "2013.12.22"]
[Round "2.15"]
[White "Efroimski, Marsel"]
[Black "Svane, Rasmus"]
[Result "1/2-1/2"]
[WhiteTitle "WIM"]
[BlackTitle "IM"]
[WhiteElo "2307"]
[BlackElo "2472"]
[WhiteFideId "2810964"]
[BlackFideId "4657101"]
[EventDate "2013.12.21"]

1. e4 e6 2. d4 d5 3. Nd2 c5 4. Ngf3 cxd4 5. Nxd4 Nc6 6. Bb5 Bd7 7. Nxc6 bxc6 8.
Bd3 Bd6 9. c4 Ne7 10. O-O Qc7 11. h3 O-O 12. Qc2 Ng6 13. exd5 cxd5 14. cxd5 exd5
15. Qxc7 Bxc7 16. Nf3 Ne5 17. Nxe5 Bxe5 18. Rb1 a5 19. Re1 Bf6 20. Bf4 Be6 21.
Be5 Bxe5 22. Rxe5 d4 23. b3 a4 24. Bc4 axb3 25. axb3 Bxc4 26. bxc4 Rfd8 27. Kf1
Kf8 28. Rd1 Ra4 29. c5 d3 30. Re3 Rc4 31. Rexd3 Rxd3 32. Rxd3 Rxc5 1/2-1/2

[Event "51st Groningen Open A 2013"]
[Site "Groningen NED"]
[Date "2013.12.22"]
[Round "2.16"]
[White "Danielian, Elina"]
[Black "Molinaroli, Martin"]
[Result "1-0"]
[WhiteTitle "GM"]
[WhiteElo "2462"]
[BlackElo "2269"]
[WhiteFideId "13300210"]
[BlackFideId "4606604"]
[EventDate "2013.12.21"]

1. d4 g6 2. e4 Bg7 3. Be3 c5 4. Nc3 Qa5 5. Nf3 Nf6 6. Qd2 cxd4 7. Nxd4 Nc6 8.
Nb3 Qc7 9. Bh6 Bxh6 10. Qxh6 Nb4 11. Bd3 d6 12. O-O Bd7 13. h3 O-O-O 14. a3 Nxd3
15. cxd3 Qb6 16. Nd2 Kb8 17. Nc4 Qd4 18. Rfd1 d5 19. Qf4+ Ka8 20. Ne3 Bc6 21.
Rac1 Ba4 22. Nxa4 Qxa4 23. Qe5 d4 24. Rc4 Qd7 25. Nc2 Qd6 26. Qxd6 exd6 27. Rxd4
Rhe8 28. Ne3 d5 29. f3 dxe4 30. dxe4 Rxd4 31. Rxd4 Kb8 32. Rd6 Re6 33. Rd8+ Kc7
34. Rf8 Re7 35. Kf2 Kd7 36. g4 Ke6 37. Ra8 a6 38. g5 Nh5 39. Nd5 Rd7 40. Re8+
Kd6 41. Ke3 Ng7 42. Rc8 Nf5+ 43. exf5 Kxd5 44. f6 b6 45. h4 a5 46. a4 Rb7 47.
Re8 b5 48. Re7 Rb8 49. axb5 Rxb5 50. Rxf7 Rxb2 51. Rxh7 a4 52. Ra7 Rb3+ 53. Kf2
Rb4 54. f7 Rf4 55. Kg3 1-0

[Event "51st Groningen Open A 2013"]
[Site "Groningen NED"]
[Date "2013.12.22"]
[Round "2.18"]
[White "Beukema, Stefan"]
[Black "Javakhadze, Zurab"]
[Result "0-1"]
[WhiteTitle "FM"]
[BlackTitle "IM"]
[WhiteElo "2280"]
[BlackElo "2451"]
[WhiteFideId "1024523"]
[BlackFideId "13603647"]
[EventDate "2013.12.21"]

1. e4 c5 2. Nf3 d6 3. d4 cxd4 4. Nxd4 Nf6 5. Nc3 g6 6. Be3 Bg7 7. f3 a6 8. Qd2
Nbd7 9. g4 Ne5 10. g5 Nh5 11. Nd5 e6 12. Nc3 b5 13. f4 Ng4 14. Bg1 h6 15. O-O-O
hxg5 16. fxg5 Bb7 17. Nf3 b4 18. Na4 Bxe4 19. Bg2 Rc8 20. Nd4 Bxg2 21. Qxg2
Qxg5+ 22. Kb1 Nf4 23. Qg3 Rh3 24. Qe1 a5 25. Nb6 Rc7 26. Qe4 d5 27. Nxd5 Nxd5
28. Nxe6 fxe6 29. Qxe6+ Re7 30. Qc6+ Kf7 31. Bc5 Qe5 32. Rhf1+ Kg8 33. Qxd5+
Qxd5 34. Rxd5 Re5 35. Rd8+ Kh7 36. Bd4 Re7 37. Bb6 Ne5 38. Rd5 Nc4 39. Bc5 Rc7
40. b3 Rxc5 41. bxc4 Rxc4 42. Rd7 Rxh2 43. Rff7 Rh1+ 0-1